LEADER 01198cam2 22002891 450 001 SOBE00081862 005 20250123141455.0 010 $a8813245165 100 $a20250120d2003 |||||ita|0103 ba 101 $aita 102 $aIT 200 1 $a<<1: >>Diritto internaz. priv., persone e famiglia, proprieta, obbligazioni, contratti, responsabilita civile, lavoro e professioni$fGuido Alpa, Paolo Zatti 205 $a4. ed 210 $aPadova$cCedam$d2003 215 $aXXXIII, 2480 p.$d21 cm 461 1$1001E600200001154$12001 $aCommentario breve al Codice civile : leggi complementari / Guido Alpa ; Paolo Zatti 700 1$aAlpa$b, Guido$3AF00003739$4070$08875 701 1$aZatti, Paolo$3AF00004013$4070$0229692 801 0$aIT$bUNISOB$c20250123$gRICA 850 $aUNISOB 852 $aUNISOB$j340|Coll|9|K$m119978 912 $aSOBE00081862 940 $aM 102 Monografia moderna SBN 941 $aM 957 $a340|Coll|9|K$b000038$i-1$gSI$d119978$1rovito$2UNISOB$3UNISOB$420250120110426.0$520250123141455.0$6rovito 996 $aDiritto internaz. priv., persone e famiglia, proprieta, obbligazioni, contratti, responsabilita civile, lavoro e professioni$94314036 997 $aUNISOB